| 000 | 00954nam a2200181Ia 4500 | ||
|---|---|---|---|
| 008 | 151202s9999||||xx |||||||||||||| ||und|| | ||
| 082 | _bPNVM-82557 | ||
| 100 | _aफिल्डिंग जॉय/कर्वे माधव. | ||
| 245 | _aस्टिल लाइफ -दुष्टचक्रात अडकलेल्या तरुणीची कथा. | ||
| 260 | _bमेहता पब्लिशिंग हाऊस पुणे. | ||
| 260 | _c2013 | ||
| 300 | _a358 | ||
| 600 | _aफिल्डिंग जॉय/कर्वे माधव. | ||
| 630 | _aस्टिल लाइफ -दुष्टचक्रात अडकलेल्या तरुणीची कथा. | ||
| 700 | _aफिल्डिंग जॉय/कर्वे माधव. | ||
| 730 | _aस्टिल लाइफ -दुष्टचक्रात अडकलेल्या तरुणीची कथा. | ||
| 942 | _cBOOK | ||
| 999 |
_c1347165 _d1347162 |
||